Normal view
MARC view
- Maier, Norman R. F.
Entry Personal Name
001 - CONTROL NUMBER
- control field: 1202
003 - CONTROL NUMBER IDENTIFIER
- control field: NUST
005 - DATE AND TIME OF LATEST TRANSACTION
- control field: 20170519115808.0
008 - FIXED-LENGTH DATA ELEMENTS
- fixed length control field: 170519|| aca||aabn | a|a d
040 ## - CATALOGING SOURCE
- Original cataloging agency: NUST
- Transcribing agency: NUST
100 ## - HEADING--PERSONAL NAME
- Personal name: Maier, Norman R. F.
- Fuller form of name: (Norman Raymond Frederick),
- Dates associated with a name: 1900-1977.
670 ## - SOURCE DATA FOUND
- Source citation: Work cat.: (NUST)24163: Maier, Norman R. F. (Norman Raymond Frederick), 1900-1977., Psychology in industry, [1965]
